MARC

LEADER 00000nam0a2200000 4500
001 120263
005 20231031124925.0
035 |a (RuTPU)RU\TPU\book\130211 
090 |a 120263 
100 |a 20070823d1990 km y0rusy50 ca 
101 0 |a rus 
102 |a RU 
105 |a a z 001zy 
200 1 |a Высокотемпературные запыленные струи в процессах обработки порошковых материалов  |e монография  |f М. Ф. Жуков, О. П. Солоненко  |g Академия наук СССР, Сибирское отделение, Институт теплофизики ; под ред. В. Е. Накорякова 
210 |a Новосибирск  |c Изд-во СО АН СССР  |d 1990 
215 |a 516 с.  |c ил. 
320 |a Библиогр.: с. 456-516. 
610 1 |a порошковая металлургия 
610 1 |a порошковые изделия 
610 1 |a порошковые материалы 
610 1 |a порошковые покрытия 
610 1 |a порошковые системы 
610 1 |a порошковые смеси 
610 1 |a обработка 
610 1 |a физика 
610 1 |a высокотемпературная обработка 
610 1 |a высокотемпературные струи 
675 |a 621.762:53  |v 3 
700 1 |a Жуков  |b М. Ф.  |g Михаил Федорович 
701 1 |a Солоненко  |b О. П.  |g Олег Павлович 
702 1 |a Накоряков  |b В. Е.  |c физик  |c директор Института теплофизики СО РАН  |c выпускник ТЭФ Томского политехнического университета 1958 г.  |f 1935-  |g Владимир Елиферьевич  |2 stltpush  |3 (RuTPU)RU\TPU\pers\29240  |4 340 
712 0 2 |a Академия наук СССР  |b Сибирское отделение  |b Институт теплофизики  |2 stltpush  |3 (RuTPU)RU\TPU\col\11307 
801 1 |a RU  |b 63413507  |c 20070823  |g PSBO 
801 2 |a RU  |b 63413507  |c 20151028  |g PSBO 
942 |c BK